Devine le joueur avec la carrière wikipédia #1 - Statistiques

Statistiques générales
  • Ce quiz a été pris 61 fois
  • Le résultat moyen est 7 sur 22
Statistiques - réponses
Par images Réponse % Correct
Arda Turan
77%
Benjamin Pavard
68%
Marcus Thuram
60%
Juan cuadrado
57%
Randal kolo muani
57%
Dean huijsen
51%
Guillermo Ochoa
49%
Pau cubarsi
49%
Jean-Philippe mateta
47%
Amine gouiri
43%
Edin dzeko
38%
Emmanuel Petit
32%
Gael kakuta
32%
Matheus Cunha
23%
Ilan meslier
17%
Patrick shick
15%
Haris seferovic
13%
Marcus Bettinelli
6%
Ethan ampadu
4%
Tariq lamptey
4%
Lukovic
0%
Samu amo ameyew
0%
Aucun quiz correspondant
Distribution des résultats
% des personnes avec chaque résultat
Percentile par nombre de réponses
Votre historique - résultats
Vous n’avez pas pris ce quiz